000 00443nam a2200157 i 4500
001 130024
003 ES-MaACL
005 20230906193627.0
007 t|
008 070716s1963 sp ||||1| spa d
100 1 _aZunzunegui, Juan Antonio de.
_9118511
245 1 0 _aDon Isidoro y sus lĂ­mites /
_cJuan Antonio Zunzunegui.
260 _aBarcelona :
_bNoguer,
_c1963.
300 _a312 p. ;
_c20 cm.
852 _aES-MaACL
_jC-24550
_bR.53266
999 _c130024
_d130024